| 000 | 00556nam a2200157 a 4500 | ||
|---|---|---|---|
| 001 | 000036263 | ||
| 005 | 20200930075633.0 | ||
| 008 | 120112s1985 xxua 000 0 eng d | ||
| 040 |
_aDO-SdBNP _bspa _cBNPHU |
||
| 245 | 0 | 0 |
_aMedical rehabilitation / _ceditors Lauro S. Halstead, Martin Grabois ; consulting editor Carol A. Howland. |
| 260 |
_aNew York : _bRaven Press, _c1985. |
||
| 650 | 2 | 4 |
_aRehabilitación (medicina) _962367 |
| 700 | 1 |
_aHalstead, Lauro S., _eed. _962368 |
|
| 700 | 1 |
_aGrabois, Martin, _eed. _962369 |
|
| 700 | 1 |
_aHowland, Carol A., _eed. _962370 |
|
| 999 |
_c35754 _d35754 |
||